000
00462nam a2200169Ia 4500
008
110201s9999 xx 000 0 und d
082
_b
B1943
_a
KS 163
100
_a
भावे पु.भा.
245
_a
बंगला
260
_b
मेनका प्रकाशन
365
_b
10
600
_a
भावे पु.भा.
630
_a
बंगला
700
_a
भावे पु.भा.
730
_a
बंगला
942
_c
BOOK
999
_c
829060
_d
829057